<?xml version="1.0" encoding="UTF-8"?>
<collection xmlns:xsi="http://www.w3.org/2001/XMLSchema-instance" xsi:schemaLocation="http://www.loc.gov/MARC21/slim http://www.loc.gov/standards/marcxml/schema/MARC21slim.xsd" xmlns="http://www.loc.gov/MARC21/slim">
 <record>
  <leader>00000cms a22000004a 4500</leader>
  <controlfield tag="001">UP-8027390931316075407</controlfield>
  <controlfield tag="003">Buklod</controlfield>
  <controlfield tag="005">20071106063808.0</controlfield>
  <controlfield tag="006">a     r    |||| u|</controlfield>
  <controlfield tag="007">ta</controlfield>
  <controlfield tag="008">970722c19979999enk        u        eng d</controlfield>
  <datafield tag="010" ind1=" " ind2=" ">
   <subfield code="a">sn 98015267</subfield>
  </datafield>
  <datafield tag="020" ind1=" " ind2=" ">
   <subfield code="a">0851994822</subfield>
  </datafield>
  <datafield tag="022" ind1=" " ind2=" ">
   <subfield code="a">1365-9065</subfield>
  </datafield>
  <datafield tag="035" ind1=" " ind2=" ">
   <subfield code="a">(iLib)UPMIN-00000009643</subfield>
  </datafield>
  <datafield tag="040" ind1=" " ind2=" ">
   <subfield code="a">DNAL</subfield>
   <subfield code="c">DNAL</subfield>
   <subfield code="d">OCoLC</subfield>
   <subfield code="d">DNAL</subfield>
  </datafield>
  <datafield tag="042" ind1=" " ind2=" ">
   <subfield code="a">lcd</subfield>
  </datafield>
  <datafield tag="070" ind1="0" ind2=" ">
   <subfield code="a">SB950.A1C76</subfield>
  </datafield>
  <datafield tag="072" ind1=" " ind2="0">
   <subfield code="a">F800</subfield>
   <subfield code="a">F821</subfield>
  </datafield>
  <datafield tag="090" ind1=" " ind2=" ">
   <subfield code="a">for process</subfield>
  </datafield>
  <datafield tag="245" ind1="0" ind2="0">
   <subfield code="a">Crop protection compendium.</subfield>
   <subfield code="p">Module 1</subfield>
   <subfield code="h">[computer file].</subfield>
  </datafield>
  <datafield tag="264" ind1=" " ind2="1">
   <subfield code="a">Wallingford, Oxon, England</subfield>
   <subfield code="b">CAB International</subfield>
   <subfield code="c">c1997-</subfield>
  </datafield>
  <datafield tag="300" ind1=" " ind2=" ">
   <subfield code="a">computer optical laser discs</subfield>
   <subfield code="c">4 3/4 in. +</subfield>
   <subfield code="e">1 booklet (32 p.)</subfield>
  </datafield>
  <datafield tag="310" ind1=" " ind2=" ">
   <subfield code="a">Annual</subfield>
  </datafield>
  <datafield tag="362" ind1="0" ind2=" ">
   <subfield code="a">1997-</subfield>
  </datafield>
  <datafield tag="500" ind1=" " ind2=" ">
   <subfield code="a">Title from disc.</subfield>
  </datafield>
  <datafield tag="516" ind1=" " ind2=" ">
   <subfield code="a">Written in CA Visual Objects.</subfield>
  </datafield>
  <datafield tag="538" ind1=" " ind2=" ">
   <subfield code="a">System requirements: IBM PC or compatible, with 486DX2 or Pentium processor, Super VGA monitor; 4-speed CD-DOM drive; Microsoft Windows 3.x, or Windows 95; 16MB RAM; 20MB available on hard disk.</subfield>
  </datafield>
  <datafield tag="650" ind1="0" ind2="0">
   <subfield code="a">Plants, Protection of</subfield>
   <subfield code="x">Databases.</subfield>
  </datafield>
  <datafield tag="650" ind1="0" ind2="0">
   <subfield code="a">Pests</subfield>
   <subfield code="x">Control</subfield>
   <subfield code="x">Databases.</subfield>
  </datafield>
  <datafield tag="650" ind1="0" ind2="0">
   <subfield code="a">Horticultural crops</subfield>
   <subfield code="x">Diseases and pests</subfield>
   <subfield code="x">Control</subfield>
   <subfield code="x">Databases.</subfield>
  </datafield>
  <datafield tag="710" ind1="2" ind2=" ">
   <subfield code="a">C.A.B. International.</subfield>
  </datafield>
  <datafield tag="850" ind1=" " ind2=" ">
   <subfield code="a">DNAL</subfield>
  </datafield>
  <datafield tag="852" ind1="0" ind2=" ">
   <subfield code="a">UPMIN</subfield>
   <subfield code="b">UPMIN-MAIN</subfield>
  </datafield>
  <datafield tag="942" ind1=" " ind2=" ">
   <subfield code="a">Electronic Resource</subfield>
  </datafield>
 </record>
</collection>
